<?xml version="1.0" encoding="utf-8"?>
<?xml-stylesheet type='text/xsl' href='./oai2.xsl'?>
<OAI-PMH xmlns="http://www.openarchives.org/OAI/2.0/" xmlns:xsi="http://www.w3.org/2001/XMLSchema-instance" xsi:schemaLocation="http://www.openarchives.org/OAI/2.0/ http://www.openarchives.org/OAI/2.0/OAI-PMH.xsd">
  <responseDate>2026-06-05T00:38:15Z</responseDate>
  <request verb="GetRecord" metadataPrefix="marcxml" identifier="record_kuniweb_948313">https://kulturerbe.niedersachsen.de/oai</request>
  <GetRecord>
    <record>
      <header>
        <identifier>record_kuniweb_948313</identifier>
        <datestamp>2018-03-26T07:18:59Z</datestamp>
        <setSpec>slg0198</setSpec>
      </header>
      <metadata>
        <marc:record xmlns:marc="http://www.loc.gov/MARC21/slim" xsi:schemaLocation="http://www.loc.gov/MARC21/slim http://www.loc.gov/standards/marcxml/schema/MARC21slim.xsd">
          <marc:leader>12345nkm  22     uu 4500</marc:leader>
          <marc:controlfield tag="001">948313</marc:controlfield>
          <marc:controlfield tag="003">http://kuniweb.gbv.de</marc:controlfield>
          <marc:controlfield tag="005">2017-08-29T10:41:42</marc:controlfield>
          <marc:controlfield tag="008">|           ||||||||||||||||||||||</marc:controlfield>
          <marc:datafield tag="245" ind1="1" ind2="0">
            <marc:subfield code="a">Stop Castor!</marc:subfield>
          </marc:datafield>
          <marc:datafield tag="655" ind1=" " ind2="7">
            <marc:subfield code="a">Plakate</marc:subfield>
          </marc:datafield>
          <marc:datafield tag="046" ind1=" " ind2=" ">
            <marc:subfield code="k">2011</marc:subfield>
            <marc:subfield code="k">2011</marc:subfield>
          </marc:datafield>
          <marc:datafield tag="260" ind1=" " ind2=" ">
            <marc:subfield code="g">2011</marc:subfield>
            <marc:subfield code="g">2011</marc:subfield>
          </marc:datafield>
          <marc:datafield tag="300" ind1=" " ind2=" ">
            <marc:subfield code="a">Höhe: 84,15 cm
Breite: 58,95 cm</marc:subfield>
          </marc:datafield>
          <marc:datafield tag="520" ind1=" " ind2=" ">
            <marc:subfield code="a">Alle Jahre wieder verhängt die Polizeidirektion Lüneburg per Allgemeinverfügung ein Demonstrationsverbot während des Castortransportes. Entlang der Transportstrecke darf in 50 m Abstand nicht frei und wahrnehmbar Protest und Widerstand geäußert werden. Dem Nichtbeachten dieser zutiefst  undemokratischen amtlichen Bekanntmachung folgt eine Ahndung wegen einer Ordnungswidrigkeit. 
Die Bürgerinitiative informiert, das die Anreise und Abreise zu  bestimmten, angemeldeten und genehmigten Versammlungen  grundrechtlich durch das Versammlungsgesetz garantiert ist.  
Bei der Auftaktkundgebung, zu der mehr als 23.000 Menschen gekommen sind, ist die zentrale Forderung der Redner auf der Bühne klar und deutlich. Musiker wie Bela B und der Hamburger Pop-Rebell Rocko Schamoni äußern sich musikalisch. 
Der Chef von Greenpeace International Kumi Naidoo ruft den Demonstranten von der Bühne zu: "Wir werden diese friedliche Revolution gemeinsam gewinnen" und löst einen Jubelsturm auf dem Maisfeld in Splietau aus.

Schlagworte: 
Gorleben, Atomkraft, Atommüll, Atomtransport, Castor, Castortransport, Demonstration.  (Gorleben Archiv / Birgit Huneke)

Gorleben Baum
Text:
Gorleben soll leben
Stop Castor!
Demo 26.11.2011
12.30 Uhr Dannenberg www.gorleben-castor.de
V.i.S.d.P. campact e.V., Christoph Bautz, Artilleriestraße 6, 27283 Verden (campact e.V.)

Verwendungszweck:
Protest gegen die Atomanlagen in Gorleben</marc:subfield>
          </marc:datafield>
          <marc:datafield tag="650" ind1="1" ind2=" ">
            <marc:subfield code="a">Widerstand</marc:subfield>
          </marc:datafield>
          <marc:datafield tag="650" ind1="1" ind2=" ">
            <marc:subfield code="a">Protest</marc:subfield>
          </marc:datafield>
          <marc:datafield tag="650" ind1="1" ind2=" ">
            <marc:subfield code="a">Kernenergie</marc:subfield>
          </marc:datafield>
          <marc:datafield tag="650" ind1="1" ind2=" ">
            <marc:subfield code="a">Plakate</marc:subfield>
          </marc:datafield>
          <marc:datafield tag="773" ind1="0" ind2=" ">
            <marc:subfield code="t">Plakate - Sammlung. Protestkultur gegen die Atomanlagen in Gorleben</marc:subfield>
          </marc:datafield>
          <marc:datafield tag="852" ind1=" " ind2=" ">
            <marc:subfield code="a">Gorleben Archiv e.V.</marc:subfield>
          </marc:datafield>
          <marc:datafield tag="" ind1=" " ind2=" ">
            <marc:subfield code="a">Rechte vorbehalten – Freier Zugang</marc:subfield>
          </marc:datafield>
        </marc:record>
      </metadata>
    </record>
  </GetRecord>
</OAI-PMH>
